Changes in South Africa present new economic opportunities.
Napriek politickým zmenám v Južnej Afrike od februára 1990, je rozdelenie príjmov jednoznačne na prospech bieleho obyvateľstva. Politika MMF na riešenie týchto rozdielov. Údaje o príjmoch obyvateľstva podľa profesných a rasových kritérií. Prístupy k zmene rozdelenia príjmov rás a zmeny od 70. rokov....
Enregistré dans:
| Format: | Chapitre de livre |
|---|---|
| Langue: | anglais |
| Sujets: | |
| Tags: |
Pas de tags, Soyez le premier à ajouter un tag!
|
MARC
| LEADER | 00000naa a2200000 4500 | ||
|---|---|---|---|
| 001 | r008282 | ||
| 005 | 20220913122331.8 | ||
| 041 | 0 | |a eng | |
| 044 | |a US | ||
| 245 | 1 | 0 | |a Changes in South Africa present new economic opportunities. |
| 520 | |a Napriek politickým zmenám v Južnej Afrike od februára 1990, je rozdelenie príjmov jednoznačne na prospech bieleho obyvateľstva. Politika MMF na riešenie týchto rozdielov. Údaje o príjmoch obyvateľstva podľa profesných a rasových kritérií. Prístupy k zmene rozdelenia príjmov rás a zmeny od 70. rokov. Popis uvažovaných strednodobých scenárov sociálnoekonomického rozvoja. Sociálna politika. Analýza daňového systému. | ||
| 610 | 2 | 0 | |a Juhoafrická republika |
| 610 | 2 | 0 | |a príjmy obyvateľstva |
| 610 | 2 | 0 | |a Medzinárodný menový fond |
| 610 | 2 | 0 | |a rozvoj sociálno-ekonomický |
| 610 | 2 | 0 | |a sústava daňová |
| 610 | 2 | 0 | |a černosi |
| 610 | 2 | 0 | |a rozdeľovanie dôchodku národného |
| 610 | 2 | 0 | |a produkt domáci hrubý |
| 610 | 2 | 0 | |a chudoba |